000 00795cam a22002653a 4500
001 19877
003 PGUSA
005 20140828083424.0
008 061120s2006||||xxu|||||s|||||000 1 eng d
040 _aPGUSA
_beng
042 _adc
050 4 _aPZ
100 1 _aFinnemore, John,
_d1863-1915
245 1 0 _aJack Haydon's Quest
_h[electronic resource] /
_cJohn Finnemore
260 _bProject Gutenberg,
_c2006
506 _aPublic domain in the USA.
516 _aElectronic text
653 _aYoung men -- Conduct of life -- Juvenile fiction
653 _aQuests (Expeditions) -- Juvenile fiction
653 _aRangoon (Burma) -- Juvenile fiction
700 1 _aJellicoe, John
830 0 _aProject Gutenberg
_v19877
856 4 0 _uhttp://www.gutenberg.org/ebooks/19877
942 _cEB
999 _c249132
_d249132